Rock-Klassiker der richtigen Band zuordnen - Statistiken

Allgemein
  • Dieses Quiz wurde 103 mal gespielt
  • Das Durchschnittsergebnis liegt bei 16 aus 20
Antwortstatistiken
Hint Antwort % Korrekt
Bohemian Rhapsody Queen
97%
Africa Toto
97%
Wind of change Scorpions
94%
Hey Jude The Beatles
94%
Thunderstruck AC/DC
89%
Smells like teen spirit Nirvana
89%
American Idiot Green Day
86%
Wonderwall Oasis
86%
I was made for loving you Kiss
85%
Nothing Else Matters Metallica
84%
Another Brick in the wall Pink Floyd
84%
Californication Red hot chili peppers
82%
Dream on Aerosmith
81%
Sweet Child O' Mine Guns N Roses
80%
paranoid Black Sabbath
78%
Smoke on the water Deep Purple
76%
Stairway to heaven Led Zeppelin
76%
Hotel California The Eagles
74%
Even Flow Pearl Jam
61%
Gimme Shelter The Rolling Stones
55%
Keine übereinstimmenden Quizze gefunden
Verteilung der Resultate
Anzahl Personen mit jedem Resultat
Perzentil nach korrekt beantworteten Fragen
Ihre Resultats-Entwicklung
Sie haben dieses Quiz noch nicht gespielt